00659nam a2200169Ia 4500008004100000082002200041100003900063245009700102250001000199260002400209300001100233440004500244650007100289740001600360952009600376999001700472120622s9999 xx 000 0 und d a863.72 C198o 1973 aCampo y Valle, Angel de, 1868-1908 aOcios y apuntes ; y La rumba / Angel de Campo ; ed. y pról. de María del Carmen Millán a3a ed aMéxico : Porrúa a344 p. aColección de escritores mexicanos ; 76 a1. CUENTOS MEXICANOS \ 2. NOVELA MEXICANA \ 3. LITERATURA MEXICANA aLa rumbaÌ 00104070a01b01d2007-01-25l0o863.72 C198O 1973p01 004594r2024-11-15w2012-06-24yLB c58759d58759